| 000 | 00830 a2200205 4500 | ||
|---|---|---|---|
| 003 | Nust | ||
| 005 | 20220719172544.0 | ||
| 010 | _a 84020295 | ||
| 020 | _a0574214550 (pbk.) : | ||
| 040 | _cNust | ||
| 082 | 0 | 0 | _a001.64,BUZ |
| 100 | 1 |
_aBuzby, Beth Moorer, _993877 |
|
| 245 | 1 | 0 |
_aUsing computers : _bliving and working with computers / _cBeth Moorer Buzby. |
| 260 |
_aChicago : _bScience Research Associates, _cc1985. |
||
| 300 |
_axvi, 520 p., [48] p. of plates : _bill. (some col.) ; _c24 cm. |
||
| 505 | _aPART-1: Today’s Information Systems Data Processing and Computers (Page-35), PART-2: Types Information Systems Describing Systems and Applications (Page-269), Computer Applications in Basic (Page-407). | ||
| 650 | 0 | _aElectronic data processing. | |
| 650 | 0 |
_aMicrocomputers. _98096 |
|
| 942 |
_2ddc _cBK _k001.64,BUZ |
||
| 999 |
_c176088 _d176088 |
||